Unlocking the power of SPSS: A comprehensive guide to developing advanced skills (Record no. 358585)
[ view plain ]
| 000 -LEADER | |
|---|---|
| fixed length control field | 00557 a2200205 4500 |
| 005 - DATE & TIME | |
| control field | 20250201155606.0 |
| 008 - FIXED-LENGTH DATA ELEMENTS--GENERAL INFORMATION | |
| fixed length control field | 250131b |||||||| |||| 00| 0 eng d |
| 020 ## - ISBN | |
| International Standard Book Number | 9788119051557 |
| Price | Rs. 1295.00 |
| 040 ## - CATALOGING SOURCE | |
| Original cataloging agency | VIVEKANANDA LIBRARY |
| 082 ## - DDC NUMBER | |
| Classification number | 005.55 |
| Book Number | N131U |
| 100 ## - MAIN ENTRY--PERSONAL NAME | |
| Personal name | Nagi, S B |
| 245 ## - TITLE STATEMENT | |
| Title | Unlocking the power of SPSS: A comprehensive guide to developing advanced skills |
| 260 ## - PUBLICATION, DISTRIBUTION, ETC. (IMPRINT) | |
| Name of publisher, distributor, etc | The Readers Paradise |
| Date of publication, distribution, etc | 2024 |
| Place of publication, distribution, etc | New Delhi |
| 300 ## - PHYSICAL DESCRIPTION | |
| Pages | 138 |
| 650 ## - Subject | |
| Subject | Computer Science |
| 650 ## - Subject | |
| Subject | SPSS |
| 650 ## - Subject | |
| Subject | Statistics |
| 700 ## - Added Entry Personal Name | |
| Added Entry Personal Name | Khan, A M |
| 942 ## - ADDED ENTRY ELEMENTS (KOHA) | |
| Koha item type | Books |
| Withdrawn status | Lost status | Source of classification or shelving scheme | Damaged status | Not for loan | Location (home branch) | Sublocation or collection (holding branch) | Shelving location | Date acquired | Koha issues (times borrowed) | Koha full call number | Accession No. | Koha date last seen | Koha item type |
|---|---|---|---|---|---|---|---|---|---|---|---|---|---|
| Dewey Decimal Classification | VIVEKANANDA LIBRARY | VIVEKANANDA LIBRARY | Vivekananda Library | 23/12/2024 | 005.55 N131U | 394716 | 23/12/2024 | Books | |||||
| Dewey Decimal Classification | VIVEKANANDA LIBRARY | VIVEKANANDA LIBRARY | Vivekananda Library | 23/12/2024 | 005.55 N131U | 394713 | 23/12/2024 | Books | |||||
| Dewey Decimal Classification | VIVEKANANDA LIBRARY | VIVEKANANDA LIBRARY | Vivekananda Library | 23/12/2024 | 005.55 N131U | 394715 | 23/12/2024 | Books | |||||
| Dewey Decimal Classification | VIVEKANANDA LIBRARY | VIVEKANANDA LIBRARY | Vivekananda Library | 23/12/2024 | 005.55 N131U | 394714 | 23/12/2024 | Books |
